Obchody so záujmami

Vymedzenie a chápanie pojmu lobing. Verejnoprospešný lobing. Kontrola lobingu v USA. Verejné ciele lobingu. Základné princípy lobingu.

Guardado en:
Detalles Bibliográficos
Autor principal: Sotník, Alexander
Formato: Capítulo de libro
Lenguaje:eslovaco
Materias:
Etiquetas: Agregar Etiqueta
Sin Etiquetas, Sea el primero en etiquetar este registro!

MARC

LEADER 00000naa a2200000 4500
001 r039780
005 20230920071802.7
041 0 |a slo 
044 |a SK 
245 1 0 |a Obchody so záujmami  |c Alexander Sotník 
520 |a Vymedzenie a chápanie pojmu lobing. Verejnoprospešný lobing. Kontrola lobingu v USA. Verejné ciele lobingu. Základné princípy lobingu. 
610 2 0 |a lobizmus 
610 2 0 |a komunikácia 
610 2 0 |a práva ľudské 
610 2 0 |a sloboda 
610 2 0 |a prejavy 
610 2 0 |a USA 
610 2 0 |a Slovensko 
100 1 |a Sotník, Alexander